Normal view MARC view
  • Supervisors Lt Col. Dr Raees Ahmed Siddiqui Lec Faiza Nawaz

Entry Personal Name

Number of records used in: 1

001 - CONTROL NUMBER

  • control field: 71725

003 - CONTROL NUMBER IDENTIFIER

  • control field: NUST

005 - DATE AND TIME OF LATEST TRANSACTION

  • control field: 20210628204655.0

008 - FIXED-LENGTH DATA ELEMENTS

  • fixed length control field: 210628|| aca||aabn | a|a d

040 ## - CATALOGING SOURCE

  • Original cataloging agency: NUST
  • Transcribing agency: NUST

100 ## - HEADING--PERSONAL NAME

  • Personal name: Supervisors Lt Col. Dr Raees Ahmed Siddiqui Lec Faiza Nawaz

670 ## - SOURCE DATA FOUND

  • Source citation: Work cat.: (NUST): Malik Ali Waqar Awan Muhammad Daniyal Abdul Rehman Muhammad Abdul Rehman Warraich 71724, PR-SOF-1666-DESIGN AND FABRICATION OF HIGH VOLTAGE POWER SUPPLY FOR LAADS RADAR, 2017
© 2023 Central Library, National University of Sciences and Technology. All Rights Reserved.